000 01550nam0a2200421 4500
001 RU\NLR\bibl\381508
005 20250622153751.0
010 _a5-88405-044-5
_92500
021 _aRU
_b2002-64088
_93115
035 _a(NLR Aleph) 000375912
090 _a424942
_c424942
100 _a20030220d2003 |||y0rusy50 ca
101 0 _arus
102 _aRU
105 _aa |||||||||
200 1 _aIP-телефония
_fА.В. Росляков, М.Ю. Самсонов, И.В. Шибаева
205 _a2-е изд.
210 _aМ.
_cЭко-трендз
_d2003
215 _a250 с.
_cил.
_d24
225 1 _aИнженерная энциклопедия "Технологии электронных коммуникаций"
313 _aпред.изд.2001г.
320 _aБиблиогр.: с. 244-250
532 1 2 _aInternet protocol- телефония
_zeng
606 0 _aIP-телефония
_92242694
_3RU\NLR\auth\661345642
610 0 _aТелефонная связь автоматическая
675 _a621.395:004
_v3
_zrus
686 _a49.39
_2rugasnti
686 _a32.882
_2rubbk
686 _aЗ882.9
700 1 _aРосляков
_bА. В.
_gАлександр Владимирович
_4070
701 1 _aСамсонов
_bМ. Ю.
_gМихаил Юрьевич
_4070
701 1 _aШибаева
_bИ. В.
_gИрина Васильевна
_4070
801 0 _aRU
_bRKP
_c20030220
_gPSBO
801 1 _aRU
_bRKP
_c20030220
801 2 _aRU
_bNLR
_c20030430
_grcr
942 _cBOOK
980 _aNB